| 000 | 00437nam a22001697a 4500 | ||
|---|---|---|---|
| 003 | NUST - PNEC | ||
| 005 | 20170116180902.0 | ||
| 008 | 150901b xxu||||| |||| 00| 0 eng d | ||
| 022 | _a- | ||
| 040 | _cLIBRARY | ||
| 082 | _a378.1664 MIR | ||
| 100 |
_96404 _aMirza Muhammad Yousuf |
||
| 245 |
_aUnseen general knowledge _cMirza Muhammad Yousuf |
||
| 260 | _c1992 | ||
| 650 |
_96410 _aGeneral Knowledge _xGeneral Book |
||
| 942 |
_2ddc _cBK |
||
| 999 |
_c64990 _d64990 |
||